University of Texas: School Profile Quiz Stats

 Plays Quiz not verified by Sporcle

Challenge
Share
Tweet
Embed
Score 0/10 Timer 04:00
0 Plays Today
Hint Answer % Correct
LocationAustin, Texas
99.2%
School ColorsBurnt Orange and White
90.5%
MascotBevo
86.5%
NicknameLonghorns
81%
____ Library (Former US President)Lyndon B. Johnson
69.8%
What Starts Here _______________Changes the World
66.7%
Year of Foundation1883
55.6%
College Basketball StadiumFrank Erwin Center
52.4%
College Football StadiumDarrell K. Royal Memorial Stadium
43.7%
College Football FieldJoe Jamail Field
31.7%

You're not logged in!

Compare scores with friends on all Sporcle quizzes.
Join for Free
OR
Log In

You Might Also Like...

Show Comments

Extras

Top Quizzes Today


Score Distribution

Your Account Isn't Verified!

In order to create a playlist on Sporcle, you need to verify the email address you used during registration. Go to your Sporcle Settings to finish the process.

Report this User

Report this user for behavior that violates our Community Guidelines.

Details: